| 000 | 00000nam##2200000za#4500 |
| 001 | 9.700193 |
| 003 | CaOODSP |
| 005 | 20260106135355 |
| 007 | cr ||||||||||| |
| 008 | 150407|2015||||xxc|||||o f|0| 0 eng|d |
| 020 | |a978-1-100-25485-2 |
| 040 | |aCaOODSP|beng |
| 043 | |an-cn--- |
| 086 | 1 |aM154-84/2015E-PDF |
| 110 | 2 |aCANMET Energy Technology Centre (Canada) |
| 245 | 10|aPulp and paper industry : |h[electronic resource]|bassets optimization and quality control using multivariate data analysis |
| 260 | |aOttawa - Ontario : |bNatural Resources Canada. |cc2014. |
| 300 | |a2p.|bfig. |
| 590 | |a15-13|b2015-03-27 |
| 690 | 07|aPulp and paper industry|2gcpds |
| 775 | 08|tIndustrie des pâtes et papiers : |w(CaOODSP)9.644101 |
| 856 | 40|ahttp://publications.gc.ca|qPDF|s552 KB|uhttps://publications.gc.ca/collections/collection_2015/rncan-nrcan/M154-84-2015-eng.pdf |